Score 0/45 Timer 10:00
4 Plays Today
Row Face % Correct
Row 4 AcrossMuhammad Ali
93.6%
Row 3 AcrossBig Bird
90.4%
Row 3 AcrossPaul McCartney
87.8%
Row 5 AcrossRichard Nixon
87.7%
Row 5 AcrossElton John
85.1%
Row 4 AcrossRobin Williams
83.6%
Row 2 AcrossPrince Charles
82.6%
Row 3 AcrossMargaret Thatcher
80.7%
Row 2 AcrossTed Kennedy
79.9%
Row 1 AcrossPope John Paul ll
79.4%
Row 2 AcrossJack Nicholson
77.4%
Row 5 AcrossWoody Allen
77.1%
Row 3 AcrossCher
72.6%
Row 5 AcrossFarrah Fawcett
72.1%
Row 2 AcrossJohn Travolta
70.6%
Row 1 AcrossMark Spitz
65.5%
Row 1 AcrossLiza Minnelli
60.8%
Row 3 AcrossJimmy Carter
59.3%
Row 2 AcrossIdi Amin
58%
Row 5 AcrossGerald Ford
57.4%
Row 2 AcrossHenry Kissinger
54.6%
Row 4 AcrossPeter Falk
52.2%
Row 3 AcrossSecretariat
51.3%
Row Face % Correct
Row 3 AcrossWarren Beatty
48.7%
Row 4 AcrossJoe Namath
48.2%
Row 1 AcrossMary Tyler Moore
48%
Row 2 AcrossJesse Jackson
46.6%
Row 2 AcrossMarlon Brando
45.8%
Row 5 AcrossLuciano Pavarotti
42.7%
Row 1 AcrossPatty Hearst
38.3%
Row 3 AcrossJimmy Connors
37.9%
Row 4 AcrossLily Tomlin
34.3%
Row 1 AcrossLeVar Burton
34%
Row 1 AcrossBruce Springsteen
32.7%
Row 1 AcrossMichael Doonesbury
32.3%
Row 2 AcrossNadia Comaneci
32.2%
Row 4 AcrossAnwar Sadat
31.7%
Row 1 AcrossRod Carew
29%
Row 4 AcrossLeonid Brezhnev
28.2%
Row 5 AcrossFlip Wilson
23.7%
Row 5 AcrossJames Taylor
19.1%
Row 5 AcrossMenachem Begin
16.6%
Row 4 AcrossMohammad Reza Pahlavi
14%
Row 4 AcrossHoward Hughes
13.8%
Row 3 AcrossAnsel Adams
7%
Remove Ads.
Support Sporcle.
Get the best of Sporcle when you Go Orange. This ad-free experience offers more features, more stats, and more fun while also helping to support Sporcle. Thank you for becoming a member.

You're not logged in!

Compare scores with friends on all Sporcle quizzes.
OR
Log In

Sporcle TV

Today on Sporcle TV


Watch our educational content, quiz creation guides, and fun videos on Sporcle TV.

Show Comments

Extras

Top Quizzes Today


Score Distribution

Paid Content

Your Account Isn't Verified!

In order to create a playlist on Sporcle, you need to verify the email address you used during registration. Go to your Sporcle Settings to finish the process.

Report this User

Report this user for behavior that violates our Community Guidelines.

Details: